00258nam a2200109Ia 4500100002600000654001100026245004300037260003500080082001300115300000800128546001200136 aBishop/Christopher M  aneural aNeural Network for Pattern recognition bOxford university pressc1995 a6.4bBIS a482 aENGLISH